Canadian journal of economics: revue canadienne d’economique (Record no. 38110)

MARC details
000 -LEADER
fixed length control field 00554nam a2200169Ia 4500
022 ## - INTERNATIONAL STANDARD SERIAL NUMBER
ISSN 00084085
050 ## - CALL MARK
Classification number HC 111 .C225/
245 #0 - TITLE STATEMENT
Title Canadian journal of economics: revue canadienne d’economique
260 ## - PUBLICATION, DISTRIBUTION, ETC. (IMPRINT)
Place of publication Toronto
260 ## - PUBLICATION, DISTRIBUTION, ETC. (IMPRINT)
Name of publisher Canadian Economics Association by by the University of Toronto Press.
260 ## - PUBLICATION, DISTRIBUTION, ETC. (IMPRINT)
Year of publication 2008
300 ## - PHYSICAL DESCRIPTION
Number of Pages 379 p. ; 25 cm.
650 ## - SUBJECT ADDED ENTRY--TOPICAL TERM
Topical Term Economics--Periodicals. Economie. Economic conditions. CANADA. Économie politique.
942 ## - ADDED ENTRY ELEMENTS (KOHA)
Koha item type Serials

No items available.